| 000 | 00479nam a22001937a 4500 | ||
|---|---|---|---|
| 003 | MPLRDC | ||
| 005 | 20220104125614.0 | ||
| 008 | 210129b ||||| |||| 00| 0 eng d | ||
| 020 | _a7-5402-1627-1 | ||
| 082 | _a427.42 HY | ||
| 100 | _a鸿宇 编著 | ||
| 245 |
_a香浓咖啡 _c |
||
| 250 | _a一版一刷 | ||
| 260 |
_a中国 _b北京燕山出版社 _c2004 |
||
| 300 | _b155 | ||
| 490 | _a天地文图文系列 | ||
| 650 | _a咖啡基本知识 | ||
| 942 |
_cBK _o427.42 HY |
||
| 999 |
_c28689 _d28679 |
||